| 000 | 00442nam a2200181Ia 4500 | ||
|---|---|---|---|
| 001 | 23261 | ||
| 005 | 20260414150925.0 | ||
| 008 | 260414t2008||||xx |||||||||||||| ||spa|| | ||
| 041 | _aESP | ||
| 082 |
_a628 _bM27 |
||
| 100 |
_aMasters, Gilbert M. _eAUT |
||
| 245 | 0 |
_aIntroducción a la ingeniería medioambiental _b |
|
| 260 | _c2008 | ||
| 300 |
_a737 páginas : _c25 cm. |
||
| 650 | _aCNM | ||
| 654 | _aCCN | ||
| 942 |
_cLIB _dJUS _fJUS _2ddc _n |
||
| 999 |
_c23261 _d23261 |
||